Normal view
MARC view
Entry Topical Term
001 - CONTROL NUMBER
- control field: 17149
003 - CONTROL NUMBER IDENTIFIER
- control field: OSt
005 - DATE AND TIME OF LATEST TRANSACTION
- control field: 20260604093128.0
008 - FIXED-LENGTH DATA ELEMENTS
- fixed length control field: 260604|| aca||aabn | a|a d
040 ## - CATALOGING SOURCE
- Original cataloging agency: OSt
- Transcribing agency: OSt
150 ## - HEADING--TOPICAL TERM
- Topical term or geographic name entry element: Youth
- General subdivision: Health and hygiene
- Geographic subdivision: Philippines
670 ## - SOURCE DATA FOUND
- Source citation: Work cat.: (OSt)6256: Ragpa, Rizalene V., 3222 author., Reproductive health-seeking behaviors of Foundation University college graduating students /, 2010.
